000 00614nam a2200169Ia 4500
008 151018s9999 xx 000 0 und d
082 _bRBASDV2269
_a891.462
100 _aप्रभू बबन
245 _aझोपी गेलेला जागा झाला
260 _bग पा परचुरे प्रकाशन
_c1959
300 _a112
600 _aप्रभू बबन
630 _aझोपी गेलेला जागा झाला
700 _aप्रभू बबन
730 _aझोपी गेलेला जागा झाला
942 _cBOOK
999 _c1004692
_d1004689